000 00751nam a22002297a 4500
999 _c3175
_d3175
003 AR-CdUCM
008 190306b ||||| |||| 00| 0 spa d
020 _a9681616464
040 _aMUNICIPALIDAD PROVINCIAL DEL CUSCO
_cBIBLIOTECA MUNICIPAL DEL CUSCO
082 _22ed.
_a869.15 /
_bM16A
100 _aMagdaleno , Mauricio
_910679
245 _aEl ardiente verano /
260 _aMéxico :
_bFondo de Cultura Económica,
_c1984.
300 _a214 páginas ;
_c20.5 cm.
440 _aLecturas Mexicanos
_n : 35
_910680
650 _aNarrativa mexicana
_91276
650 _aNovelas contemporáneas - México
_910681
650 _aSiglo XX
_98
650 _aMauricio Magdaleno - Autores mexicanos
_910682
942 _2ddc
_cLIBROS
945 _alccs